[Event "III Open Basso Veronese A"]
[Site "Casaleone ITA"]
[Date "2010.06.06"]
[Round "5"]
[White "Codenotti, Marco"]
[Black "Ricci, Alfredo"]
[Result "1-0"]
[WhiteElo "2163"]
[BlackElo "1980"]
[PlyCount "77"]
[EventDate "2010.05.29"]

1. e4 c5 2. Nf3 Nc6 3. d4 cxd4 4. Nxd4 g6 5. c4 Bg7 6. Be3 d6 7. Nc3 Nf6 8. Be2
Bd7 9. O-O Nxd4 10. Bxd4 Bc6 11. f3 O-O 12. Qd2 Nd7 13. Be3 Re8 14. b4 b6 15.
Rac1 Qc7 16. Rfd1 Rad8 17. Bf1 Qb8 18. a4 a5 19. bxa5 bxa5 20. Nb5 Nc5 21. Rb1
Nxa4 22. Qc2 Nb6 23. Nc3 Bxc3 24. Rxb6 Bb4 25. Rxb8 Rxb8 26. c5 Rec8 27. Ba6
Rc7 28. cxd6 Bxd6 29. Qa2 a4 30. Bc4 Be8 31. Bd4 e6 32. Bxe6 Rb4 33. Be3 Be7
34. Bd5 Bf6 35. Rb1 Be7 36. Rxb4 Bxb4 37. Qb2 Bd6 38. Bh6 Bf8 39. Qb8 1-0

[Event "III Open Basso Veronese A"]
[Site "Casaleone ITA"]
[Date "2010.06.06"]
[Round "5"]
[White "Garonzi, Martino"]
[Black "Faccia, Sergio"]
[Result "1-0"]
[WhiteElo "2013"]
[BlackElo "2063"]
[PlyCount "101"]
[EventDate "2010.05.29"]

1. e4 e5 2. Nf3 f5 3. Nxe5 Qf6 4. d4 d6 5. Nc4 fxe4 6. Nc3 Qg6 7. Bf4 Nf6 8.
Qd2 Be7 9. Ne3 c6 10. d5 O-O 11. Bc4 Kh8 12. O-O Ng4 13. Bg3 h5 14. h3 h4 15.
Bxh4 Nxe3 16. fxe3 Rxf1+ 17. Rxf1 Bf6 18. Bxf6 gxf6 19. Qd4 Nd7 20. Qxe4 Qxe4
21. Nxe4 Nb6 22. Nxd6 cxd5 23. Bd3 f5 24. Nxc8 Rxc8 25. Rxf5 Kg7 26. g4 Re8 27.
Kf2 Rh8 28. Kg3 Re8 29. Kf4 Rh8 30. Bf1 Rc8 31. c3 Rc5 32. e4 Ra5 33. a3 Ra4
34. Bd3 dxe4 35. Bb5 Ra5 36. Kxe4 Nc8 37. a4 Nd6+ 38. Kd3 Nxb5 39. Rxb5 Rxa4
40. Rxb7+ Kf6 41. Rb5 Ra1 42. Rh5 a5 43. c4 a4 44. c5 Rc1 45. c6 Kg6 46. Ra5
Rxc6 47. Rxa4 Kg5 48. Ra5+ Kf4 49. b4 Rc1 50. Rh5 Rc7 51. Kd4 1-0

[Event "III Open Basso Veronese A"]
[Site "Casaleone ITA"]
[Date "2010.06.06"]
[Round "5"]
[White "Marino, Francesco V."]
[Black "Bortolazzi, Michele"]
[Result "0-1"]
[WhiteElo "1877"]
[BlackElo "1903"]
[PlyCount "80"]
[EventDate "2010.05.29"]

1. c4 Nf6 2. Nc3 e5 3. g3 Nc6 4. Bg2 Bc5 5. e3 O-O 6. Nge2 Re8 7. a3 a5 8. O-O
d6 9. Qc2 Bg4 10. d3 Qd7 11. Re1 Bh3 12. Ne4 Nxe4 13. Bxe4 f5 14. Bd5+ Kh8 15.
f4 Bg4 16. Kg2 Rab8 17. h3 Bh5 18. Bd2 Ne7 19. b4 axb4 20. axb4 Nxd5 21. bxc5
Nf6 22. cxd6 Qc6+ 23. Kh2 Qf3 24. Ng1 Qf2+ 25. Kh1 cxd6 26. fxe5 Rxe5 27. Rf1
Qxg3 28. Ra3 Be8 29. e4 Bc6 30. Bf4 Nxe4 31. dxe4 Qxa3 32. Kh2 Bxe4 33. Qf2 Re6
34. Qd4 Rc8 35. Rd1 Qa2+ 36. Rd2 Qxc4 37. Qb2 b5 38. h4 d5 39. Nh3 Qf1 40. Ng5
Qxf4+ 0-1

[Event "III Open Basso Veronese A"]
[Site "Casaleone ITA"]
[Date "2010.06.06"]
[Round "5"]
[White "Molina, Fabrizio"]
[Black "Bertani, Gianfranco"]
[Result "1-0"]
[WhiteElo "2211"]
[BlackElo "2081"]
[PlyCount "83"]
[EventDate "2010.05.29"]

1. Nf3 f5 2. c4 Nf6 3. g3 e6 4. Bg2 Be7 5. O-O O-O 6. b3 c6 7. Bb2 d5 8. d3 Qe8
9. Nbd2 Qh5 10. Re1 Nbd7 11. e4 fxe4 12. dxe4 Bc5 13. h3 e5 14. cxd5 cxd5 15.
exd5 Qg6 16. Nf1 e4 17. N3d2 Bxf2+ 18. Kh2 Bxe1 19. Qxe1 Nc5 20. Qe3 b6 21. Qd4
Qh6 22. Ne3 Nd3 23. Ba3 Re8 24. Rf1 Ne5 25. Rf4 Nf3+ 26. Nxf3 exf3 27. Rxf3
Rxe3 28. Qxe3 Qxe3 29. Rxe3 Bb7 30. Rd3 Re8 31. Rd2 Kf7 32. d6 Bxg2 33. Kxg2
Nd7 34. Rf2+ Ke6 35. Re2+ Ne5 36. Rc2 Rd8 37. Kf2 b5 38. Ke3 Rf8 39. Rc7 Rf3+
40. Ke4 Rxg3 41. Re7+ Kf6 42. Bb2 1-0

[Event "III Open Basso Veronese A"]
[Site "Casaleone ITA"]
[Date "2010.06.06"]
[Round "5"]
[White "Negro, Raffaele"]
[Black "De Paoli, Emilio"]
[Result "1-0"]
[WhiteElo "1865"]
[BlackElo "1874"]
[PlyCount "84"]
[EventDate "2010.05.29"]

1. d4 Nf6 2. Nf3 e6 3. e3 c5 4. Bd3 b6 5. c4 Be7 6. O-O Nc6 7. Nc3 Bb7 8. b3 d5
9. Bb2 Nb4 10. Be2 Rc8 11. a3 Nc6 12. cxd5 exd5 13. dxc5 Bxc5 14. b4 Bd6 15.
Nb5 Bb8 16. Qb3 O-O 17. Rad1 a6 18. Nbd4 Ne5 19. Nxe5 Bxe5 20. Nf3 Bb8 21. Bd4
Re8 22. Qb2 Rc6 23. b5 Rce6 24. bxa6 Ba8 25. Rb1 Ng4 26. h3 Ne5 27. Bxe5 Rxe5
28. Nxe5 Rxe5 29. Qxb6 Bc7 30. Qc5 Rg5 31. f4 Rg6 32. Rfc1 Bb6 33. Rxb6 Rxb6
34. Qc8 Rb8 35. Qxd8+ Rxd8 36. a7 d4 37. Rb1 Kf8 38. Rb8 Ke7 39. Rxd8 Kxd8 40.
Bf3 Kc7 41. Bxa8 Kb6 42. exd4 Kxa7 1-0

[Event "III Open Basso Veronese A"]
[Site "Casaleone ITA"]
[Date "2010.06.06"]
[Round "6"]
[White "Bertani, Gianfranco"]
[Black "Codenotti, Marco"]
[Result "0-1"]
[WhiteElo "2081"]
[BlackElo "2163"]
[PlyCount "74"]
[EventDate "2010.05.29"]

1. Nf3 g6 2. d4 Nf6 3. Nc3 d5 4. Bf4 Bg7 5. Qd2 O-O 6. Bh6 c5 7. Bxg7 Kxg7 8.
e3 Nc6 9. Bb5 Qc7 10. h3 Bf5 11. O-O Rfd8 12. Bxc6 bxc6 13. Nh4 Qd7 14. g4 Be6
15. f4 Ne4 16. Qg2 cxd4 17. exd4 f5 18. Nf3 c5 19. Ne5 Qc7 20. Ne2 Qb6 21. b3
cxd4 22. Kh1 fxg4 23. hxg4 Rh8 24. Rad1 h5 25. g5 h4 26. Nxd4 Ng3+ 27. Kh2
Nxf1+ 28. Qxf1 Rac8 29. Nxg6 Kxg6 30. f5+ Kh7 31. fxe6 Rhf8 32. Qd3+ Kg7 33.
Nf5+ Kh8 34. Rd2 Qb4 35. Nh6 Rc3 36. Nf7+ Rxf7 37. exf7 Qf4+ 0-1

[Event "III Open Basso Veronese A"]
[Site "Casaleone ITA"]
[Date "2010.06.06"]
[Round "6"]
[White "De Paoli, Emilio"]
[Black "Ricci, Alfredo"]
[Result "0-1"]
[WhiteElo "1874"]
[BlackElo "1980"]
[PlyCount "98"]
[EventDate "2010.05.29"]

1. e4 c5 2. Nf3 Nc6 3. d4 cxd4 4. Nxd4 e5 5. Nb5 a6 6. Nd6+ Bxd6 7. Qxd6 Qf6 8.
Qxf6 Nxf6 9. f3 d5 10. Bg5 dxe4 11. Bxf6 gxf6 12. fxe4 Be6 13. c3 h5 14. Nd2 h4
15. Bc4 Ke7 16. Bxe6 fxe6 17. O-O-O Rad8 18. Nb3 b6 19. Rd2 Rxd2 20. Nxd2 f5
21. Re1 Kf6 22. a4 Na5 23. Kc2 h3 24. g3 f4 25. gxf4 exf4 26. b4 Nb7 27. Nc4 b5
28. axb5 axb5 29. e5+ Kf5 30. Nd6+ Nxd6 31. exd6 e5 32. Rd1 Ke6 33. d7 Rd8 34.
Rd3 Rxd7 35. Rxh3 Kf5 36. Kb3 Ke4 37. Rh4 Ke3 38. Rh5 Re7 39. c4 bxc4+ 40. Kxc4
f3 41. b5 f2 42. Rf5 Ke2 43. Kc5 e4 44. b6 e3 45. Kd6 Rh7 46. Kc6 f1=Q 47. Rxf1
Kxf1 48. b7 Rxb7 49. Kxb7 e2 0-1

[Event "III Open Basso Veronese A"]
[Site "Casaleone ITA"]
[Date "2010.06.06"]
[Round "6"]
[White "Faccia, Sergio"]
[Black "Bortolazzi, Michele"]
[Result "1-0"]
[WhiteElo "2063"]
[BlackElo "1903"]
[PlyCount "43"]
[EventDate "2010.05.29"]

1. e4 e5 2. d4 exd4 3. Bc4 Nc6 4. Nf3 d6 5. Nxd4 Nf6 6. Nc3 Be7 7. O-O O-O 8.
h3 a6 9. a4 Bd7 10. f4 Nxd4 11. Qxd4 b6 12. Be3 Bc6 13. Rad1 Qc8 14. b4 Rd8 15.
b5 axb5 16. axb5 Bd7 17. Nd5 Nxd5 18. Bxd5 Bf6 19. e5 dxe5 20. fxe5 Bxb5 21. c4
c6 22. exf6 1-0

[Event "III Open Basso Veronese A"]
[Site "Casaleone ITA"]
[Date "2010.06.06"]
[Round "6"]
[White "Marino, Francesco V."]
[Black "Caldonazzo, Matteo"]
[Result "0-1"]
[WhiteElo "1877"]
[BlackElo "1894"]
[PlyCount "74"]
[EventDate "2010.05.29"]

1. c4 f5 2. g3 Nf6 3. Bg2 d6 4. Nc3 g6 5. b4 Bg7 6. Bb2 O-O 7. a4 e5 8. d3 c6
9. e3 e4 10. Nge2 Na6 11. Ba3 exd3 12. Qxd3 Ne4 13. Rd1 Qf6 14. Rc1 Be6 15. O-O
Nxc3 16. Nxc3 Qf7 17. Ne2 Rad8 18. Qc2 Nc7 19. b5 c5 20. Bxb7 Nxb5 21. axb5
Qxb7 22. Nf4 Bf7 23. Bb2 Bxb2 24. Qxb2 a6 25. Rfd1 axb5 26. cxb5 Rfe8 27. Ra1
Bc4 28. b6 Qg7 29. Qd2 Qe5 30. Ra7 Re7 31. Rb1 Rb8 32. b7 Qe4 33. Rb2 Rexb7 34.
Rbxb7 Rxb7 35. Rxb7 Qxb7 36. Qxd6 Qb1+ 37. Kg2 Bf1+ 0-1

[Event "III Open Basso Veronese A"]
[Site "Casaleone ITA"]
[Date "2010.06.06"]
[Round "6"]
[White "Negro, Raffaele"]
[Black "Molina, Fabrizio"]
[Result "0-1"]
[WhiteElo "1865"]
[BlackElo "2211"]
[PlyCount "104"]
[EventDate "2010.05.29"]

1. d4 d6 2. Nf3 Nf6 3. Nc3 Nbd7 4. e4 e5 5. Bc4 Be7 6. O-O O-O 7. Re1 c6 8. a4
b6 9. b3 a6 10. Bb2 Rb8 11. Bd3 Qc7 12. Ne2 Re8 13. Ng3 Bf8 14. c4 g6 15. d5 c5
16. Bc1 Bg7 17. Bg5 Nf8 18. h3 Bd7 19. Qd2 Rb7 20. Bh6 Reb8 21. Bxg7 Kxg7 22.
Qg5 h6 23. Qd2 b5 24. axb5 axb5 25. Qa5 Qxa5 26. Rxa5 bxc4 27. Bxc4 Ne8 28. Nd2
Nc7 29. Ne2 f6 30. Rea1 Nh7 31. Ra7 Ng5 32. f3 Nf7 33. Rxb7 Rxb7 34. Nc3 f5 35.
Kf2 f4 36. Ke2 Kf6 37. Kf2 g5 38. Ra5 Ke7 39. Ndb1 Kd8 40. Na3 Kc8 41. Nab5 Kb8
42. Nxc7 Kxc7 43. Ra8 Nd8 44. Ke2 Rb8 45. Ra7+ Nb7 46. Kd2 Rg8 47. Ra1 h5 48.
Bb5 Bc8 49. Bc6 Nd8 50. Nb5+ Kb6 51. Nxd6 Nxc6 52. dxc6 Rd8 0-1

[Event "III Open Basso Veronese A"]
[Site "Casaleone ITA"]
[Date "2010.06.06"]
[Round "6"]
[White "Temporin, Alberto"]
[Black "Garonzi, Martino"]
[Result "0-1"]
[WhiteElo "1942"]
[BlackElo "2013"]
[PlyCount "48"]
[EventDate "2010.05.29"]

1. e4 c5 2. Nf3 d6 3. h3 Nf6 4. Nc3 Nc6 5. Bc4 g6 6. O-O Bg7 7. a4 O-O 8. d3 e6
9. Bd2 a6 10. Qc1 d5 11. Ba2 Nd4 12. Nh2 dxe4 13. dxe4 Nxe4 14. Re1 Nxd2 15.
Qxd2 Qb6 16. Rab1 Bd7 17. Ng4 Qb4 18. Ne5 Bxa4 19. Nd3 Qa5 20. b4 cxb4 21. Rxb4
Bxc2 22. Rc4 Bxd3 23. Qxd3 Nb5 24. Nxb5 Qxe1+ 0-1

[Event "III Open Basso Veronese B"]
[Site "Casaleone ITA"]
[Date "2010.05.29"]
[Round "1"]
[White "Adami, Antonio"]
[Black "Molinaroli, Giacomo"]
[Result "0-1"]
[WhiteElo "1699"]
[BlackElo "1482"]
[PlyCount "46"]
[EventDate "2010.05.29"]

1. e4 e6 2. d4 d5 3. exd5 exd5 4. Bd3 Nf6 5. h3 Bd6 6. Qf3 Be6 7. Bf4 O-O 8.
Ne2 Re8 9. Nd2 c5 10. Bxd6 Qxd6 11. c3 Nc6 12. O-O Rad8 13. Rfe1 Re7 14. a3
Rde8 15. b4 cxd4 16. cxd4 Bd7 17. Nb3 b6 18. b5 Nd8 19. Kf1 Ne4 20. Qf4 Qg6 21.
Rad1 Ne6 22. Qh2 Qf6 23. a4 Qxf2# 0-1

[Event "III Open Basso Veronese B"]
[Site "Casaleone ITA"]
[Date "2010.05.29"]
[Round "1"]
[White "De Togni, Paolo"]
[Black "Zonta, Riccardo"]
[Result "1-0"]
[WhiteElo "1368"]
[BlackElo "1668"]
[PlyCount "61"]
[EventDate "2010.05.29"]

1. d4 d5 2. Nf3 Nf6 3. e3 Bf5 4. c4 e6 5. Qb3 Qc8 6. Nc3 c6 7. Be2 Be7 8. Bd2
Nbd7 9. Rc1 Qb8 10. cxd5 exd5 11. O-O O-O 12. Rce1 h6 13. Bc1 Re8 14. Nh4 Be6
15. f4 Ne4 16. Nf3 Qc7 17. Bd3 Ndf6 18. Ne2 Bd6 19. Qd1 a5 20. Bd2 Nxd2 21.
Nxd2 Bg4 22. Kf2 Bxe2 23. Rxe2 Ng4+ 24. Kg1 Rxe3 25. Rfe1 Bxf4 26. g3 Rxe2 27.
Qxe2 Be3+ 28. Kg2 Re8 29. Qxg4 Qd8 30. Nf3 Qf6 31. Rxe3 1-0

[Event "III Open Basso Veronese B"]
[Site "Casaleone ITA"]
[Date "2010.05.29"]
[Round "1"]
[White "Macalello, Angelo"]
[Black "Zanchetta, Nicola"]
[Result "1/2-1/2"]
[WhiteElo "1643"]
[BlackElo "1837"]
[PlyCount "63"]
[EventDate "2010.05.29"]

1. e4 c5 2. Nf3 e6 3. d4 cxd4 4. Nxd4 Bc5 5. c3 Nc6 6. Be2 Qb6 7. Na3 Bxd4 8.
cxd4 Nxd4 9. Nc4 Qc5 10. Be3 e5 11. Rc1 Qb4+ 12. Bd2 Qe7 13. a3 Nc6 14. Be3 Nh6
15. Nd6+ Kd8 16. Bc5 Qf6 17. O-O b6 18. Be3 Ke7 19. Nb5 Rb8 20. Nc7 Qd6 21.
Nd5+ Kf8 22. f4 Bb7 23. Rxc6 dxc6 24. fxe5 Qd7 25. Bh5 cxd5 26. Bxh6 gxh6 27.
Rxf7+ Qxf7 28. Bxf7 Kxf7 29. exd5 Rhd8 30. Qf3+ Kg8 31. e6 Bxd5 32. Qf7+
1/2-1/2

[Event "III Open Basso Veronese B"]
[Site "Casaleone ITA"]
[Date "2010.05.29"]
[Round "1"]
[White "Morandini, Alessandro"]
[Black "Gioga, Michele"]
[Result "0-1"]
[WhiteElo "1422"]
[BlackElo "1676"]
[PlyCount "86"]
[EventDate "2010.05.29"]

1. Nf3 f5 2. d3 Nf6 3. Nbd2 d5 4. g3 e6 5. Bg2 Bd6 6. c4 O-O 7. cxd5 exd5 8.
O-O Nc6 9. Re1 Re8 10. h4 f4 11. Nf1 fxg3 12. Nxg3 Bxg3 13. fxg3 Nh5 14. Bf4
Nxf4 15. gxf4 Bg4 16. Qb3 Bxf3 17. Bxf3 Qxh4 18. Qxd5+ Kh8 19. Qh5 Qxf4 20. Kf2
Re5 21. Qh3 Qe3+ 22. Kg2 Rg5+ 23. Bg4 Qf4 24. Qf3 Rxg4+ 25. Qxg4 Qxg4+ 26. Kh1
Rf8 27. Rf1 Rxf1+ 28. Rxf1 Kg8 29. e4 Qh3+ 30. Kg1 Qxd3 31. Re1 Qd4+ 32. Kf1
Qxb2 33. Re2 Qf6+ 34. Rf2 Qe5 35. Re2 Nd4 36. Rf2 Qxe4 37. a4 c5 38. a5 c4 39.
Kg1 c3 40. a6 b6 41. Kh2 c2 42. Kh3 Qe3+ 43. Kh2 Qxf2+ 0-1

[Event "III Open Basso Veronese B"]
[Site "Casaleone ITA"]
[Date "2010.05.29"]
[Round "1"]
[White "Moscato, Riccardo"]
[Black "Orlandi, Paolo"]
[Result "1/2-1/2"]
[WhiteElo "1686"]
[BlackElo "1428"]
[PlyCount "25"]
[EventDate "2010.05.29"]

1. d4 Nf6 2. Nf3 g6 3. e3 Bg7 4. Be2 O-O 5. O-O d5 6. b3 c5 7. Bb2 cxd4 8. exd4
Nc6 9. Nbd2 Bf5 10. Re1 Nb4 11. Rc1 Nxa2 12. Ra1 Nb4 13. Rc1 1/2-1/2

[Event "III Open Basso Veronese B"]
[Site "Casaleone ITA"]
[Date "2010.05.29"]
[Round "1"]
[White "Pieropan, Giorgio"]
[Black "Avanzini, Angelo"]
[Result "1-0"]
[WhiteElo "1673"]
[BlackElo "1410"]
[PlyCount "87"]
[EventDate "2010.05.29"]

1. e4 e5 2. d4 exd4 3. c3 d5 4. Qxd4 Nc6 5. Qxd5 Qxd5 6. exd5 Ne5 7. Bf4 Bd6 8.
Bb5+ Bd7 9. Bxe5 Bxe5 10. Bxd7+ Kxd7 11. Nf3 Re8 12. O-O f6 13. Nbd2 Bf4 14.
Nb3 Nh6 15. Nfd4 Nf7 16. Ne6 Rhg8 17. Nxf4 Ng5 18. Ne6 Nxe6 19. dxe6+ Kd6 20.
Rad1+ Kxe6 21. Nc5+ Kf7 22. Nxb7 Re7 23. Nc5 Rge8 24. h3 Re2 25. Rd7+ R8e7 26.
Rxe7+ Kxe7 27. Rb1 Kd6 28. Nd3 Rd2 29. Ne1 c5 30. Nf3 Re2 31. Rd1+ Ke7 32. Re1
Rxe1+ 33. Nxe1 a5 34. Kf1 c4 35. Ke2 Kd6 36. Ke3 Ke5 37. Nc2 f5 38. g3 g5 39.
f4+ Kf6 40. fxg5+ Kxg5 41. Na3 h5 42. Nxc4 h4 43. Kf3 hxg3 44. Kxg3 1-0

[Event "III Open Basso Veronese B"]
[Site "Casaleone ITA"]
[Date "2010.05.29"]
[Round "1"]
[White "Rossi, Gianni"]
[Black "Bellini, Luca"]
[Result "0-1"]
[WhiteElo "1886"]
[BlackElo "1659"]
[PlyCount "48"]
[EventDate "2010.05.29"]

1. d4 e6 2. e4 d5 3. Nc3 dxe4 4. f3 Nf6 5. fxe4 Be7 6. Nf3 c5 7. d5 a6 8. d6
Bf8 9. e5 Ng4 10. Bd3 Nc6 11. Bf4 Qb6 12. h3 Qxb2 13. hxg4 Qxc3+ 14. Bd2 Qa3
15. O-O Bd7 16. Qe1 f6 17. Qg3 O-O-O 18. exf6 gxf6 19. Rab1 e5 20. Rb3 Qa4 21.
Rfb1 Bxd6 22. Rxb7 Nb4 23. Bxb4 cxb4 24. Rb6 Bc5+ 0-1

[Event "III Open Basso Veronese B"]
[Site "Casaleone ITA"]
[Date "2010.05.30"]
[Round "2"]
[White "Gioga, Michele"]
[Black "De Togni, Paolo"]
[Result "1-0"]
[WhiteElo "1676"]
[BlackElo "1368"]
[PlyCount "59"]
[EventDate "2010.05.29"]

1. e4 e6 2. d4 d5 3. Nd2 c5 4. c3 Nc6 5. exd5 Qxd5 6. dxc5 Bxc5 7. Ngf3 Nf6 8.
Bc4 Qd8 9. O-O O-O 10. Qc2 Ne7 11. Rd1 Qc7 12. Bd3 Ng6 13. Ne4 Nxe4 14. Bxe4
Rb8 15. Bxg6 fxg6 16. Qe4 Bd6 17. h3 b6 18. Bg5 Bd7 19. Qd4 Bc5 20. Qxd7 Qg3
21. Qxe6+ Kh8 22. Bh4 Bxf2+ 23. Kh1 Qxf3 24. gxf3 Bxh4 25. Kg2 Rbe8 26. Qc4 g5
27. Rd7 Rf4 28. Qd3 g4 29. hxg4 Rf6 30. Rd8 1-0

[Event "III Open Basso Veronese B"]
[Site "Casaleone ITA"]
[Date "2010.05.30"]
[Round "2"]
[White "Mettifogo, Claudio Francesco"]
[Black "Jirillo, Antonio"]
[Result "1/2-1/2"]
[WhiteElo "1573"]
[BlackElo "1520"]
[PlyCount "103"]
[EventDate "2010.05.29"]

1. e4 d5 2. exd5 Qxd5 3. Nf3 e5 4. Nc3 Qa5 5. Be2 Nf6 6. O-O Bd6 7. d3 c6 8.
Ne4 Nxe4 9. dxe4 Qc7 10. Nh4 Be6 11. Bg4 Be7 12. Bxe6 Bxh4 13. Bb3 Na6 14. Qg4
Bf6 15. Be3 Qe7 16. f4 Nc5 17. fxe5 Qxe5 18. c3 Nxb3 19. axb3 h5 20. Qh3 b6 21.
Bxb6 Qb5 22. Bd4 Bxd4+ 23. cxd4 O-O 24. Rf5 Qb4 25. Rxh5 Qxd4+ 26. Kh1 g6 27.
Qg4 Rad8 28. Rh3 Qxb2 29. Re1 Qg7 30. Rg3 Rd2 31. h4 Rfd8 32. Qg5 R8d3 33. Ree3
Qa1+ 34. Kh2 Rd1 35. Rgf3 Rh1+ 36. Kg3 Rxe3 37. Qxe3 Qe5+ 38. Qf4 Qxf4+ 39.
Rxf4 Rb1 40. Rf3 Kf8 41. Rc3 Ke7 42. Kg4 Rb2 43. g3 Kd6 44. Kg5 Ke5 45. Rxc6
Rxb3 46. g4 Kxe4 47. Rc7 a5 48. Rxf7 Rb5+ 49. Kxg6 Rb6+ 50. Kg7 Ra6 51. h5 a4
52. h6 1/2-1/2

[Event "III Open Basso Veronese B"]
[Site "Casaleone ITA"]
[Date "2010.05.30"]
[Round "2"]
[White "Molinaroli, Giacomo"]
[Black "Cavalleri, Giuseppe"]
[Result "1-0"]
[WhiteElo "1482"]
[BlackElo "1839"]
[PlyCount "55"]
[EventDate "2010.05.29"]

1. e4 c5 2. Nf3 d6 3. d4 cxd4 4. Nxd4 Nf6 5. Nc3 e5 6. Bb5+ Bd7 7. Bxd7+ Qxd7
8. Nf5 Nc6 9. Bg5 Nxe4 10. Nxg7+ Bxg7 11. Nxe4 Nd4 12. O-O Qc6 13. Qd3 f5 14.
Nc3 Rg8 15. f3 d5 16. Rae1 Bh8 17. Qxd4 Rxg5 18. f4 Rg4 19. Rxe5+ Bxe5 20.
Qxe5+ Kd7 21. Nxd5 Rxg2+ 22. Kxg2 Rg8+ 23. Kf3 Re8 24. Qxf5+ Kd6 25. Rd1 Re6
26. Kg3 Rg6+ 27. Qxg6+ hxg6 28. Nb4+ 1-0

[Event "III Open Basso Veronese B"]
[Site "Casaleone ITA"]
[Date "2010.05.30"]
[Round "2"]
[White "Orlandi, Paolo"]
[Black "Macalello, Angelo"]
[Result "1/2-1/2"]
[WhiteElo "1428"]
[BlackElo "1643"]
[PlyCount "61"]
[EventDate "2010.05.29"]

1. e4 e5 2. d4 exd4 3. Qxd4 Nc6 4. Qe3 Nf6 5. Nc3 Bb4 6. Bd2 O-O 7. O-O-O Re8
8. Bc4 Ne5 9. Bb3 c6 10. f4 Neg4 11. Qg3 Bxc3 12. Bxc3 Rxe4 13. Nf3 d5 14. h3
Nh5 15. Qh4 Qxh4 16. Nxh4 Nf2 17. Bxd5 Nxd1 18. Bxe4 Nxc3 19. bxc3 Ng3 20. Re1
Be6 21. a3 Bc4 22. Bd3 Bxd3 23. cxd3 Nh5 24. f5 Nf6 25. Re7 Nd5 26. Rxb7 Nxc3
27. Rc7 Ne2+ 28. Kd2 Nd4 29. Ke3 Nb5 30. Rxc6 Nxa3 31. Nf3 1/2-1/2

[Event "III Open Basso Veronese B"]
[Site "Casaleone ITA"]
[Date "2010.05.30"]
[Round "2"]
[White "Pisani, Valerio"]
[Black "Pieropan, Giorgio"]
[Result "0-1"]
[WhiteElo "1771"]
[BlackElo "1673"]
[PlyCount "114"]
[EventDate "2010.05.29"]

1. e4 c5 2. c3 d5 3. e5 Nc6 4. d4 e6 5. Nf3 c4 6. Be2 a6 7. a4 Na5 8. Nbd2 b5
9. axb5 axb5 10. b3 cxb3 11. Bxb5+ Bd7 12. Bxd7+ Qxd7 13. Nxb3 Qb5 14. Rxa5
Rxa5 15. Nxa5 Qxa5 16. Bd2 Qb5 17. Ng1 Ne7 18. Ne2 Nc6 19. O-O Be7 20. Ng3 O-O
21. Qg4 Qd3 22. Bh6 Qg6 23. Qxg6 hxg6 24. Be3 Na5 25. Re1 Rc8 26. Nf1 Rxc3 27.
Bd2 Ra3 28. f4 Nc4 29. Kf2 Rd3 30. Ke2 Rxd4 31. g3 Bc5 32. Rc1 Re4+ 33. Kf3 f5
34. Bc3 d4 35. Ba1 d3 36. Rd1 d2 37. Nxd2 Re3+ 38. Kf2 Rxe5+ 39. Kf1 Ne3+ 40.
Ke2 Nxd1+ 41. Bxe5 Nf2 42. Nf3 Ne4 43. Kd3 Be7 44. h4 Nxg3 45. Ng5 Bxg5 46.
hxg5 Kf7 47. Kc4 Nh5 48. Kc5 Ke7 49. Kc6 Kf7 50. Kd7 Ng3 51. Kc6 Ne2 52. Kd7
Ng3 53. Kc6 Ne4 54. Bd4 Nd2 55. Bb2 Nf3 56. Kd6 Nh4 57. Be5 Ng2 0-1

[Event "III Open Basso Veronese B"]
[Site "Casaleone ITA"]
[Date "2010.05.30"]
[Round "2"]
[White "Rossi, Gianni"]
[Black "Adami, Antonio"]
[Result "1-0"]
[WhiteElo "1886"]
[BlackElo "1699"]
[PlyCount "79"]
[EventDate "2010.05.29"]

1. d4 f5 2. e4 fxe4 3. Nc3 Nf6 4. Bg5 Nc6 5. Bb5 a6 6. Ba4 g6 7. d5 Ne5 8. Qd4
Nf7 9. Bxf6 exf6 10. Nxe4 Bg7 11. Qb4 b5 12. Bb3 d6 13. Ne2 O-O 14. O-O Re8 15.
N4g3 f5 16. c3 a5 17. Qf4 Bh6 18. Qd4 a4 19. Bc2 Ne5 20. Nf4 Bg7 21. Qd1 Qg5
22. Ne6 Bxe6 23. dxe6 Rxe6 24. f4 Qe7 25. fxe5 Bxe5 26. Qd5 Qf7 27. Nxf5 gxf5
28. Bxf5 Rae8 29. Rf3 Kh8 30. Bxe6 Qxe6 31. Qxb5 Rg8 32. Qxa4 c5 33. Raf1 Qh6
34. g3 Qh3 35. Qc2 Bxg3 36. Rxg3 Rxg3+ 37. hxg3 Qxg3+ 38. Qg2 Qe3+ 39. Kh1 Qh6+
40. Qh2 1-0

[Event "III Open Basso Veronese B"]
[Site "Casaleone ITA"]
[Date "2010.05.30"]
[Round "2"]
[White "Zanini, Andrea"]
[Black "Moscato, Riccardo"]
[Result "1/2-1/2"]
[WhiteElo "1694"]
[BlackElo "1686"]
[PlyCount "84"]
[EventDate "2010.05.29"]

1. d4 d5 2. Nf3 Nf6 3. e3 Bg4 4. Bd3 e6 5. O-O Bd6 6. Nbd2 O-O 7. h3 Bxf3 8.
Nxf3 Nbd7 9. Re1 Ne4 10. c3 f5 11. Qb3 Rb8 12. c4 c6 13. Bd2 g5 14. Bxe4 fxe4
15. Nh2 Bxh2+ 16. Kxh2 Rxf2 17. Bc3 Qc7+ 18. Kh1 Rbf8 19. Qd1 R8f3 20. Re2
Rxh3+ 21. Kg1 Rxe2 22. Qxe2 Rh6 23. Qg4 Qh2+ 24. Kf1 Qh1+ 25. Ke2 Qh5 26. Qxh5
Rxh5 27. cxd5 exd5 28. Rf1 Rh6 29. Rf5 Rg6 30. Be1 h6 31. Rf1 Rf6 32. Rh1 c5
33. Bc3 c4 34. Be1 Kg7 35. Bg3 b5 36. Kd1 Nb6 37. Be5 Nd7 38. Bxf6+ Nxf6 39.
Kd2 Kg6 40. b3 a5 41. bxc4 dxc4 42. a3 Nd5 1/2-1/2

[Event "III Open Basso Veronese B"]
[Site "Casaleone ITA"]
[Date "2010.05.30"]
[Round "2"]
[White "Zonta, Riccardo"]
[Black "Morandini, Alessandro"]
[Result "1-0"]
[WhiteElo "1668"]
[BlackElo "1422"]
[PlyCount "109"]
[EventDate "2010.05.29"]

1. e4 d6 2. d4 Nf6 3. f3 g6 4. Bc4 Bg7 5. Ne2 O-O 6. O-O c5 7. dxc5 dxc5 8. Be3
b6 9. Nbc3 Nbd7 10. Rb1 Ne5 11. Bb3 Bd7 12. Nd5 e6 13. Ndc3 c4 14. Ba4 Bxa4 15.
Nxa4 Qxd1 16. Rfxd1 Rfd8 17. b3 cxb3 18. axb3 Ned7 19. Kf2 b5 20. Nc5 Nxc5 21.
Bxc5 Nd7 22. Be7 Rdc8 23. Rxd7 Rxc2 24. Rc1 Rxc1 25. Nxc1 Rc8 26. Rd8+ Rxd8 27.
Bxd8 Bd4+ 28. Ke2 Kf8 29. Bc7 Ke8 30. Bf4 Kd7 31. Be3 Bxe3 32. Kxe3 Kd6 33. Nd3
a5 34. g3 f5 35. Kd4 a4 36. e5+ Kc6 37. bxa4 bxa4 38. Kc4 a3 39. Nb4+ Kb6 40.
Na2 Kc6 41. f4 h6 42. Nc3 g5 43. Kb4 gxf4 44. gxf4 h5 45. h4 Kb6 46. Kxa3 Kc5
47. Kb3 Kd4 48. Kb4 Ke3 49. Nd5+ Ke4 50. Kc5 exd5 51. e6 Kxf4 52. Kxd5 Kg4 53.
e7 Kxh4 54. e8=Q f4 55. Ke4 1-0

[Event "III Open Basso Veronese B"]
[Site "Casaleone ITA"]
[Date "2010.05.30"]
[Round "3"]
[White "Avanzini, Angelo"]
[Black "Pisani, Valerio"]
[Result "0-1"]
[WhiteElo "1410"]
[BlackElo "1771"]
[PlyCount "116"]
[EventDate "2010.05.29"]

1. d4 d5 2. c4 e6 3. Nf3 Nf6 4. e3 Be7 5. Nc3 O-O 6. Be2 Nbd7 7. O-O b6 8. cxd5
exd5 9. Qc2 Bb7 10. Bd3 Rc8 11. Qe2 c5 12. Re1 Re8 13. Nb5 a6 14. Nc3 c4 15.
Bf5 g6 16. Bc2 Bd6 17. h3 b5 18. Bd2 Qc7 19. Ng5 Bf4 20. e4 Bxg5 21. Bxg5 Nxe4
22. Nxe4 dxe4 23. Qe3 Qd6 24. h4 Nf6 25. Bxf6 Qxf6 26. g3 Re7 27. Qg5 Qxg5 28.
hxg5 Rce8 29. Re3 Kg7 30. Rae1 f5 31. f3 h6 32. fxe4 Bxe4 33. gxh6+ Kxh6 34.
Bxe4 Rxe4 35. Rxe4 Rxe4 36. Rxe4 fxe4 37. Kf2 Kg5 38. Ke3 Kf5 39. g4+ Ke6 40.
Kxe4 b4 41. d5+ Kd6 42. Kd4 c3 43. bxc3 bxc3 44. Kxc3 Kxd5 45. Kd3 a5 46. a4 g5
47. Kc3 Kc5 48. Kb3 Kd4 49. Kb2 Kc4 50. Ka3 Kc3 51. Ka2 Kb4 52. Kb2 Kxa4 53.
Ka2 Kb4 54. Kb2 Kc4 55. Ka3 Kd4 56. Ka4 Ke4 57. Kxa5 Kf4 58. Kb4 Kxg4 0-1